| 000 | 00732nam a22001937a 4500 | ||
|---|---|---|---|
| 999 |
_c12328 _d12328 |
||
| 003 | AR-CdUCM | ||
| 008 | 190408b ||||| |||| 00| 0 spa d | ||
| 040 |
_aMUNICIPALIDAD PROVINCIAL DEL CUSCO _cBIBLIOTECA MUNICIPAL DEL CUSCO |
||
| 082 |
_a910.4 / _bO66 / 1924 |
||
| 100 |
_aOriguela, Mariano A. _930140 |
||
| 245 | _aIdearium de viaje / | ||
| 260 |
_aArequipa / _bTip. Caceres- La merced, _c1924. |
||
| 300 |
_a91 paginas ; _c20 cm. |
||
| 505 | _aContenido :Ofrenda --Carta-prologo del Doctor H. Siles, ministro de Bolivia en Perú --Verdad --Belleza--justicia --Bien --Patria España / | ||
| 650 |
_aPolítica educativa en el Perú _930141 |
||
| 650 |
_aGeografias _930142 |
||
| 942 |
_2ddc _cLIBROS |
||
| 945 |
_arjall _d2019-04-08 |
||